Pays d'Europe en 1870 avec Carte - Statistics

General Stats
  • This quiz has been taken 68 times
  • The average score is 8 of 30
Answer Stats
Answer % Correct
France
98%
Espagne
59%
Italie
59%
Portugal
57%
Russie
52%
Belgique
51%
Suède
46%
Suisse
46%
Norvège
44%
Royaume-Uni
41%
Grèce
34%
Danemark
33%
Pays-Bas
33%
Roumanie
26%
Luxembourg
23%
Andorre
18%
Monaco
16%
Liechtenstein
11%
Saint Marin
11%
Serbie
11%
Empire Ottoman
10%
Empire Austro-hongrois
8%
Montenegro
5%
Bavière
2%
États pontificaux
2%
Baden
0%
Confédération de l'Allemagne du Nord
0%
Hesse
0%
Saxe
0%
Wurtemberg
0%
No matching quizzes found
Score Distribution
Percent of People with Each Score
Percentile by Number Answered
Your Score History
You have not taken this quiz